[Event "Maastricht Limburg op-A 9th"]
[Site "Maastricht"]
[Date "2015.05.25"]
[Round "7"]
[White "Schleipfenbauer, Frank"]
[Black "Liedmann, Dennis"]
[Result "1-0"]
[WhiteElo "2153"]
[BlackElo "2157"]
[PlyCount "43"]
[EventDate "2015.05.22"]
[EventType "swiss"]
[EventRounds "7"]
[EventCountry "NED"]
[SourceTitle "CBM 166 Extra"]
[Source "ChessBase"]
[SourceDate "2015.06.18"]
[SourceVersion "1"]
[SourceVersionDate "2015.06.18"]
[SourceQuality "1"]

1. e4 d5 2. exd5 Nf6 3. d4 Bg4 4. Be2 Bxe2 5. Nxe2 Qxd5 6. 0-0 Nc6 7. Be3 g5 8. Nd2 e6 9. c4 Qf5 10. Ng3 Qg6 11. Nf3 0-0-0 12. Qa4 Ng4 13. d5 exd5 14. cxd5 Nxe3 15. dxc6 Nxf1 16. Ne5 Bc5 17. Nxg6 Nxg3 18. Nxh8 Ne2+ 19. Kf1 Nf4 20. g3 Ne6 21. Nxf7 Rd2 22. Qg4 1-0

[Event "Maastricht Limburg op-A 8th"]
[Site "Maastricht"]
[Date "2014.06.08"]
[Round "5"]
[White "Dardha, Arben"]
[Black "Schleipfenbauer, Frank"]
[Result "1-0"]
[WhiteElo "2284"]
[BlackElo "2134"]
[PlyCount "95"]
[EventDate "2014.06.06"]
[EventType "swiss"]
[EventRounds "7"]
[EventCountry "NED"]
[SourceTitle "CBM 160 Extra"]
[Source "ChessBase"]
[SourceDate "2014.07.01"]
[SourceVersion "1"]
[SourceVersionDate "2014.07.01"]
[SourceQuality "1"]

1. e4 c5 2. Nf3 e6 3. d4 cxd4 4. Nxd4 a6 5. Nc3 Qc7 6. Be2 Nf6 7. 0-0 Be7 8. f4 d6 9. Kh1 0-0 10. a4 Nc6 11. Be3 Bd7 12. Qe1 d5 13. e5 Ne4 14. Nxe4 dxe4 15. c3 Na5 16. Bd1 f6 17. exf6 Rxf6 18. Bc2 e5 19. fxe5 Qxe5 20. Qe2 Raf8 21. Rxf6 Bxf6 22. Bf2 Re8 23. Re1 Qf4 24. Bg3 Qg5 25. Bxe4 Bxd4 26. cxd4 b5 27. Qf3 h6 28. Rf1 Qe7 29. Bd5+ Kh8 30. b3 bxa4 31. bxa4 Bxa4 32. Be5 Bb5 33. Qf4 Qg5 34. Qf8+ Rxf8 35. Rxf8+ Kh7 36. Be4+ Qg6 37. Bxg6+ Kxg6 38. Rg8 Nc4 39. Rxg7+ Kf5 40. Re7 a5 41. Bg7 a4 42. d5 h5 43. Kg1 a3 44. Rb7 Be8 45. Ra7 Bg6 46. Bf8 Ke5 47. d6 Nxd6 48. Bxd6+ 1-0

[Event "Maastricht Limburg op-A 8th"]
[Site "Maastricht"]
[Date "2014.06.07"]
[Round "2"]
[White "Schleipfenbauer, Frank"]
[Black "Esser, Norbert"]
[Result "1/2-1/2"]
[WhiteElo "2134"]
[BlackElo "2175"]
[PlyCount "41"]
[EventDate "2014.06.06"]
[EventType "swiss"]
[EventRounds "7"]
[EventCountry "NED"]
[SourceTitle "CBM 160 Extra"]
[Source "ChessBase"]
[SourceDate "2014.07.01"]
[SourceVersion "1"]
[SourceVersionDate "2014.07.01"]
[SourceQuality "1"]

1. e4 c5 2. Nc3 Nc6 3. f4 g6 4. Nf3 Bg7 5. Bb5 Nd4 6. 0-0 Nxb5 7. Nxb5 Nf6 8. d3 0-0 9. Qe1 d6 10. f5 gxf5 11. Qh4 fxe4 12. dxe4 Qd7 13. Nc3 Qg4 14. Qe1 Be6 15. Nh4 Nd7 16. Rf3 Kh8 17. h3 Bd4+ 18. Kh1 Qg7 19. Rg3 Qf6 20. Rf3 Qg7 21. Rg3 1/2-1/2

[Event "Maastricht Limburg op-A 7th"]
[Site "Maastricht"]
[Date "2013.05.20"]
[Round "7"]
[White "Nabuurs, Joep"]
[Black "Schleipfenbauer, Frank"]
[Result "1/2-1/2"]
[WhiteElo "2206"]
[BlackElo "2093"]
[PlyCount "57"]
[EventDate "2013.05.17"]
[EventType "swiss"]
[EventRounds "7"]
[EventCountry "NED"]
[SourceTitle "EXT 2014"]
[Source "ChessBase"]
[SourceDate "2013.11.20"]
[SourceVersion "1"]
[SourceVersionDate "2013.11.20"]
[SourceQuality "1"]

1. e4 c5 2. Nf3 e6 3. Nc3 a6 4. d4 cxd4 5. Nxd4 Qc7 6. Bd3 Nc6 7. Nxc6 dxc6 8. 0-0 e5 9. a4 Bd6 10. Bc4 Ne7 11. Be3 0-0 12. a5 Ng6 13. Na4 Qe7 14. Nb6 Rb8 15. Nxc8 Rbxc8 16. Qd2 h6 17. Rfd1 Bc5 18. Bxc5 Qxc5 19. b3 Qe7 20. Qd7 Rcd8 21. Qxe7 Nxe7 22. Kf1 Nc8 23. Rd3 Rxd3 24. Bxd3 Rd8 25. b4 Kf8 26. Ke2 Ke7 27. c4 Nd6 28. Rb1 Ra8 29. Ke3 1/2-1/2

[Event "Maastricht Limburg op-A 7th"]
[Site "Maastricht"]
[Date "2013.05.18"]
[Round "3"]
[White "Hoffmeister, Frank"]
[Black "Schleipfenbauer, Frank"]
[Result "1/2-1/2"]
[WhiteElo "2219"]
[BlackElo "2093"]
[PlyCount "99"]
[EventDate "2013.05.17"]
[EventType "swiss"]
[EventRounds "7"]
[EventCountry "NED"]
[SourceTitle "EXT 2014"]
[Source "ChessBase"]
[SourceDate "2013.11.20"]
[SourceVersion "1"]
[SourceVersionDate "2013.11.20"]
[SourceQuality "1"]

1. d4 Nf6 2. c4 g6 3. Nc3 Bg7 4. Nf3 0-0 5. e4 d6 6. Be2 Na6 7. 0-0 e5 8. Be3 Ng4 9. Bg5 f6 10. Bd2 Nh6 11. dxe5 dxe5 12. Qc1 Nf7 13. Rd1 c6 14. Be3 Qe7 15. Ne1 f5 16. f3 Nc7 17. c5 Ne6 18. exf5 gxf5 19. Bf1 e4 20. fxe4 f4 21. Bf2 Ne5 22. h3 Ng5 23. Kh2 Qf7 24. Nd3 Qh5 25. Nxe5 Bxe5 26. Bd4 Bxd4 27. Rxd4 Bxh3 28. Kg1 Qg4 29. Qd1 f3 30. Rd6 Bxg2 31. Bc4+ Nf7 32. Be6 Qg5 33. Kf2 Qxc5+ 34. Qd4 Qxd4+ 35. Rxd4 Kg7 36. Rd7 Kf6 37. Bf5 Rab8 38. Bxh7 b5 39. Rxa7 Rbd8 40. Rd1 Ne5 41. Ra6 Rxd1 42. Nxd1 Rd8 43. Ne3 Bh3 44. Kg3 Be6 45. Bf5 Bxf5 46. exf5 Rd4 47. Ra8 Re4 48. Kf2 Nc4 49. Nxc4 Rxc4 50. Kxf3 1/2-1/2

[Event "Maastricht Limburg op-A 4th"]
[Site "Maastricht"]
[Date "2010.05.24"]
[Round "6"]
[White "Vogel, Jaap"]
[Black "Schleipfenbauer, Frank"]
[Result "1/2-1/2"]
[WhiteElo "2210"]
[BlackElo "2110"]
[PlyCount "82"]
[EventDate "2010.05.21"]
[EventType "swiss"]
[EventRounds "7"]
[EventCountry "NED"]
[SourceTitle "CBM 136 Extra"]
[Source "ChessBase"]
[SourceDate "2010.07.02"]
[SourceVersion "2"]
[SourceVersionDate "2010.07.15"]
[SourceQuality "1"]

1. Nf3 Nf6 2. g3 g6 3. Bg2 d6 4. d4 Bg7 5. 0-0 0-0 6. c4 c6 7. Nc3 Nbd7 8. e4 e5 9. h3 a5 10. Be3 exd4 11. Nxd4 Re8 12. Re1 Nc5 13. Qc2 Qe7 14. Rad1 Be6 15. Nxe6 Qxe6 16. b3 Rad8 17. Bf4 Nh5 18. Bg5 Rd7 19. g4 h6 20. Be3 Nf6 21. Bd2 g5 22. a3 Nh7 23. b4 axb4 24. axb4 Na6 25. Nd5 Be5 26. Ne3 Qg6 27. Bc3 Nf8 28. Nf5 Nc7 29. c5 Nb5 30. Bxe5 dxe5 31. Rxd7 Nxd7 32. Rd1 Nf8 33. Bf1 Nd4 34. Nxd4 exd4 35. Rxd4 Ne6 36. Rd7 Nf4 37. f3 Qg7 38. Qd2 Qe5 39. Qa2 Re6 40. Rd8+ Kg7 41. Qd2 Rf6 1/2-1/2

[Event "Soest op"]
[Site "Soest"]
[Date "2001.05.27"]
[Round "6.7"]
[White "Muis, Gerrit Meine"]
[Black "Schleipfenbauer, Frank"]
[Result "1-0"]
[WhiteElo "2158"]
[BlackElo "1998"]
[PlyCount "63"]
[EventDate "2001.05.25"]
[EventType "swiss"]
[EventRounds "7"]
[EventCountry "NED"]
[SourceTitle "EXT 2002"]
[Source "ChessBase"]
[SourceDate "2001.11.25"]
[SourceVersion "1"]
[SourceVersionDate "2001.11.25"]
[SourceQuality "1"]

1. c4 Nf6 2. Nc3 g6 3. e4 d6 4. d4 Bg7 5. f3 0-0 6. Be3 Nc6 7. Qd2 a6 8. Nge2 Rb8 9. Nc1 e5 10. d5 Nd4 11. Nb3 Nxb3 12. axb3 c5 13. Bd3 Nh5 14. 0-0 f5 15. exf5 gxf5 16. Kh1 Kh8 17. Ne2 Rg8 18. b4 b6 19. g3 Bf6 20. Rg1 Qe7 21. Bb1 f4 22. Bf2 Bg5 23. g4 Ng3+ 24. hxg3 fxg3 25. Be3 Bxe3 26. Qxe3 Qh4+ 27. Kg2 Qh2+ 28. Kf1 Bxg4 29. fxg4 Rbf8+ 30. Ke1 Rf2 31. Bd3 Rgf8 32. Qxg3 1-0

[Event "Soest op"]
[Site "Soest"]
[Date "2001.05.25"]
[Round "2.15"]
[White "Schleipfenbauer, Frank"]
[Black "Hoogendoorn, Joost"]
[Result "0-1"]
[WhiteElo "1998"]
[BlackElo "2391"]
[PlyCount "86"]
[EventDate "2001.05.25"]
[EventType "swiss"]
[EventRounds "7"]
[EventCountry "NED"]
[SourceTitle "EXT 2002"]
[Source "ChessBase"]
[SourceDate "2001.11.25"]
[SourceVersion "1"]
[SourceVersionDate "2001.11.25"]
[SourceQuality "1"]

1. e4 d5 2. exd5 Nf6 3. d4 Nxd5 4. c4 Nb4 5. a3 N4c6 6. Nf3 Bg4 7. Be2 a5 8. Be3 e6 9. h3 Bxf3 10. Bxf3 Be7 11. Nc3 0-0 12. 0-0 Bf6 13. Nb5 Nd7 14. Rc1 Qb8 15. Be4 Rd8 16. Qc2 Nf8 17. Rfd1 Ra6 18. d5 Ne5 19. f4 Ned7 20. f5 e5 21. c5 Be7 22. Nxc7 Bxc5 23. Bxc5 Qxc7 24. Be7 Qb6+ 25. Qf2 Rb8 26. Qxb6 Rxb6 27. Rd2 Nf6 28. Bxf6 Rxf6 29. d6 Rd8 30. Rc7 Rfxd6 31. Rxd6 Rxd6 32. Rxb7 Rd4 33. Bc2 g6 34. fxg6 hxg6 35. Rb5 Rd2 36. Be4 f5 37. Bd5+ Kg7 38. b4 axb4 39. axb4 e4 40. Rb7+ Kf6 41. Bc4 Nd7 42. b5 e3 43. b6 Rd6 0-1